Český rok : lidové tradice a zvyky /
České a moravské lidové tradice a zvyky napříč celým rokem. Od příchodu nového roku až po svátky vánoční.
Uloženo v:
| Hlavní autor: | |
|---|---|
| Další autoři: | |
| Médium: | E-kniha |
| Jazyk: | Czech |
| Vydáno: |
Praha :
Fragment,
2025
|
| Vydání: | 1. vydání |
| Témata: | |
| Tagy: |
Žádné tagy |
| LEADER | 02820nam a2200625 i 4500 | ||
|---|---|---|---|
| 001 | 312740 | ||
| 003 | CZ PrSKC | ||
| 005 | 20260601215728.0 | ||
| 007 | ta | ||
| 008 | 250304s2025 xr a b f 000 0 cze | ||
| 015 | |a cnb003675516 | ||
| 020 | |a 9788025371534 |q (vázáno) : |c Kč 299,00 | ||
| 035 | |a (OCoLC)1514348637 | ||
| 040 | |a BOA001 |b cze |d ABA001 |e rda | ||
| 043 | |a e-xr--- | ||
| 072 | 7 | |a 398 |x Folklor. Lidové tradice |2 Konspekt | |
| 072 | 7 | |a 0/9-053.2 |x Literatura pro děti a mládež (naučná) |2 Konspekt | |
| 080 | |a 006.922.2 |2 MRF | ||
| 080 | |a 398.3 |2 MRF | ||
| 080 | |a 398.1 |2 MRF | ||
| 080 | |a 39 |2 MRF | ||
| 080 | |a (437.3) |2 MRF | ||
| 080 | |a (0.062) |2 MRF | ||
| 080 | |a (0.053.2) |2 MRF | ||
| 100 | 1 | |a Pitrová, Pavlína |7 jo2016908921 |4 aut | |
| 245 | 1 | 0 | |a Český rok : |b lidové tradice a zvyky / |c Pavlína Pitrová ; ilustrovala Zdeňka Krejčová |
| 250 | |a 1. vydání | ||
| 264 | 1 | |a Praha : |b Fragment, |c 2025 | |
| 300 | |a 71 stran : |b barevné ilustrace ; |c 24 cm | ||
| 336 | |a text |b txt |2 rdacontent | ||
| 336 | |a statický obraz |b sti |2 rdacontent | ||
| 337 | |a bez média |b n |2 rdamedia | ||
| 338 | |a svazek |b nc |2 rdacarrier | ||
| 500 | |a "1. vydání (v této podobě)"--Tiráž | ||
| 520 | 2 | |a České a moravské lidové tradice a zvyky napříč celým rokem. Od příchodu nového roku až po svátky vánoční. |b Srozumitelnou formou vysvětlený původ a význam tradičních svátků. Jednotlivé svátky uvádí lidová říkadla a na konci pak nechybí ani tip na výrobu tradičních předmětů spojených s daným časem. | |
| 521 | 8 | |a Pro čtenáře od 6 let | |
| 650 | 0 | 7 | |a kalendářní rok |7 ph280631 |z Česko |2 czenas |
| 650 | 0 | 7 | |a lidové zvyky |7 ph137518 |z Česko |2 czenas |
| 650 | 0 | 7 | |a lidové tradice |7 ph122320 |z Česko |2 czenas |
| 650 | 0 | 7 | |a zvyky a obyčeje |7 ph137519 |z Česko |2 czenas |
| 650 | 0 | 9 | |a year |z Czechia |2 eczenas |
| 650 | 0 | 9 | |a folk customs |z Czechia |2 eczenas |
| 650 | 0 | 9 | |a folk traditions |z Czechia |2 eczenas |
| 650 | 0 | 9 | |a manners and customs |z Czechia |2 eczenas |
| 655 | 7 | |a populárně-naučné publikace |7 fd131864 |2 czenas | |
| 655 | 7 | |a publikace pro děti |7 fd133156 |2 czenas | |
| 655 | 9 | |a popular works |2 eczenas | |
| 655 | 9 | |a children's literature |2 eczenas | |
| 700 | 1 | |a Krejčová, Zdeňka, |d 1944- |7 jk01063265 |4 ill | |
| 900 | |a ABA001 |b 19 | ||
| 928 | 9 | |a Albatros Media - Fragment | |
| 044 | |a xr | ||
| 910 | |a RBIT002 | ||
| 998 | |d 420734 |a https://core.palmknihy.cz/api/books/420734/cover?sy5jnh |b https://core.palmknihy.cz/api/books/420734/cover/400?sy5jnh |c https://core.palmknihy.cz/api/books/420734/cover/50?sy5jnh |e 2065-02-15 |g 72 |i 9788025371534 |j https://core.palmknihy.cz/api/books/420734/preview.epub |k https://core.palmknihy.cz/api/books/420734/preview.pdf |l |q 49 |r 1 |s https://www.palmknihy.cz/kniha/420734 |t ebook |y 2025 |z 0 | ||
| 999 | |d 312738 | ||